Baldosas de Santiago: la baldosa decorada como elemento de identidad en antiguos barrios de Santiago

Kaydedildi:
Detaylı Bibliyografya
Asıl Yazarlar: Brancoli Poblete, Bernardita (Yazar), Bernstein Mozes, Joyce (Yazar)
Materyal Türü: Kitap
Dil:İspanyolca
Baskı/Yayın Bilgisi: Santiago Universidad del Desarrollo 2016
Edisyon:1a. ed
Konular:
Etiketler: Etiketle
Etiket eklenmemiş, İlk siz ekleyin!

MARC

LEADER 00000cam a2200000 a 4500
001 UCD6735
003 CL-VaPUC
008 170113e20160000cl |||||||||||||||||spa|d
020 |a 9789563740035 
082 0 4 |a 711.42  |b BRA  |2 21 
100 0 |a Brancoli Poblete, Bernardita  |e author  |9 590539 
700 0 |a Bernstein Mozes, Joyce  |e author  |9 590540 
245 1 0 |a Baldosas de Santiago: la baldosa decorada como elemento de identidad en antiguos barrios de Santiago 
250 |a 1a. ed 
300 |a 175 p 
942 |c BK 
945 |d 20170113 07:29:00  |a dcastane 
260 |a Santiago  |b Universidad del Desarrollo  |c 2016 
650 0 |a Patrimonio cultural arquitectónico  |9 558310 
650 7 |a PATRIMONIO MATERIAL Y CULTURAL  |2 CL-VaPUC  |9 563869 
650 0 |a Identidad cultural  |9 319131 
650 7 |a BALDOSAS  |2 CL-VaPUC  |9 414599 
583 |a last modification  |c 20170113 07:29:00  |k Rodrigo Vera 
999 |c 366924  |d 366922 
952 |0 0  |1 0  |3 erb  |4 0  |6 711_420000000000000_BRA_2016  |7 0  |8 A  |9 481573  |a BIBARQ  |b BIBARQ  |i 5360021  |o 711.42 BRA 2016  |p 5360021  |r 2025-01-20  |w 2019-11-24  |y BK  |z Catalogado en:20170113  |k ARQ